[Event "PRO League KO Stage 2019"]
[Site "chess.com INT"]
[Date "2019.03.20"]
[Round "1"]
[White "Zhao, Jun"]
[Black "Wheeler, Cameron"]
[Result "1-0"]
[WhiteTitle "GM"]
[BlackTitle "IM"]
[WhiteElo "2627"]
[BlackElo "2383"]
[WhiteTeam "Chengdu Pandas"]
[BlackTeam "Dallas Destiny"]
[WhiteFideId "8602522"]
[BlackFideId "2060531"]
[EventDate "2019.03.19"]

1. e4 e6 2. d4 d5 3. e5 c5 4. c3 Qb6 5. Nf3 Bd7 6. Bd3 Bb5 7. dxc5 Bxc5 8. O-O
Bxd3 9. Qxd3 Nc6 10. b4 Be7 11. a4 h5 12. Na3 Nh6 13. Bxh6 Rxh6 14. a5 Qc7 15.
Nb5 Qd7 16. a6 h4 17. axb7 Qxb7 18. Nbd4 Rh5 19. Nxc6 Qxc6 20. Nd4 Qb7 21. Nxe6
Rxe5 22. Nxg7+ Kd7 23. f4 Re4 24. Nf5 Bd8 25. Kh1 Bb6 26. Rad1 Rae8 27. Nxh4 d4
28. Nf5 Re2 29. Qh3 Kc7 30. c4 Rg8 31. Rg1 Kb8 32. c5 Bc7 33. Nxd4 Rf2 34. b5
Qe4 35. Nc6+ Kb7 36. Qa3 Bb8 37. Qa6+ Ka8 38. Ra1 Rgxg2 39. Qxa7+ Bxa7 40. Rxa7# 1-0

[Event "PRO League KO Stage 2019"]
[Site "chess.com INT"]
[Date "2019.03.20"]
[Round "1"]
[White "Zhang, Di"]
[Black "Gorovets, Andrey"]
[Result "1-0"]
[BlackTitle "GM"]
[WhiteElo "1966"]
[BlackElo "2493"]
[WhiteTeam "Chengdu Pandas"]
[BlackTeam "Dallas Destiny"]
[WhiteFideId "8616590"]
[BlackFideId "13504037"]
[EventDate "2019.03.19"]

1. d4 f5 2. c4 Nf6 3. Nc3 e6 4. g3 Bb4 5. Bg2 O-O 6. e3 d6 7. Ne2 c6 8. O-O e5
9. dxe5 dxe5 10. Qc2 e4 11. a3 Be7 12. Rd1 Qe8 13. b4 a5 14. Rb1 Qf7 15. c5 axb4
16. axb4 Na6 17. Nd4 Ng4 18. Na4 Ne5 19. Nb6 Rb8 20. Bf1 Nc7 21. Bb2 Qh5 22. Nc4
Ng4 23. h3 Nf6 24. Ne5 Be6 25. Nxe6 Nxe6 26. Qb3 Nd5 27. Rxd5 cxd5 28. Qxd5 Qh6
29. Bc4 Rf6 30. Nd7 Rg6 31. Nxb8 Rxg3+ 32. Kf1 Qxh3+ 33. Ke1 Rg6 34. Bf1 Qh1 35.
Qxf5 Nf8 36. Kd2 Qf3 37. Qxf3 exf3 38. Bc4+ Kh8 39. Kc2 Rg2 40. Rf1 Ng6 41. Bd5
Nh4 42. Nd7 Nf5 43. Kd3 Nh4 44. Bxb7 h5 45. c6 Bd6 46. Be5 Rg6 47. Bxd6 Rxd6+
48. Kc4 Ng6 49. Kc5 Rd2 50. c7 Ne7 51. Rh1 g6 52. Kb6 Rxf2 53. c8=Q+ Nxc8+ 54.
Bxc8 Re2 55. Ne5 f2 56. Rf1 Kg7 57. Bh3 Rxe3 58. Rxf2 Rxe5 59. Kc6 g5 60. b5 g4
61. Bg2 h4 62. Rf4 Rg5 63. b6 h3 64. Bf1 Rg6+ 65. Kc7 Kh6 66. b7 Rg7+ 67. Kc6
Rxb7 68. Kxb7 Kg5 69. Rf8 Kh4 70. Kc6 Kg3 71. Kd5 Kh2 72. Ke4 g3 73. Kf3 g2 74.
Bxg2 hxg2 75. Rh8+ Kg1 76. Rg8 Kh1 77. Kf2 Kh2 78. Rh8# 1-0

[Event "PRO League KO Stage 2019"]
[Site "chess.com INT"]
[Date "2019.03.20"]
[Round "1"]
[White "Yu, Yangyi"]
[Black "Holt, Conrad"]
[Result "0-1"]
[WhiteTitle "GM"]
[BlackTitle "GM"]
[WhiteElo "2761"]
[BlackElo "2548"]
[WhiteTeam "Chengdu Pandas"]
[BlackTeam "Dallas Destiny"]
[WhiteFideId "8603820"]
[BlackFideId "2034387"]
[EventDate "2019.03.19"]

1. e4 e6 2. d4 d5 3. exd5 exd5 4. Nf3 Bd6 5. Bd3 Nc6 6. c3 Bg4 7. O-O Nge7 8.
Nbd2 Qd7 9. b4 O-O 10. Qc2 Bf5 11. Re1 Bxd3 12. Qxd3 Ng6 13. Nb3 a5 14. b5 Nd8
15. a4 Ne6 16. Ne5 Bxe5 17. dxe5 f6 18. exf6 Nef4 19. Bxf4 Nxf4 20. Re7 Qxe7 21.
fxe7 Nxd3 22. exf8=Q+ Kxf8 23. Kf1 Ke7 24. Ke2 Nb2 25. Nc5 Rb8 26. Kd2 Kd6 27.
Nd3 Nc4+ 28. Kc2 Re8 29. Re1 Re4 30. Rxe4 dxe4 31. Nf4 Ke5 32. Ne2 Nb6 33. Kb3
Nd5 34. g3 Nf6 35. h3 Nd7 36. Kc4 Nb6+ 37. Kb3 Kd6 38. Nd4 g6 39. Ka3 Kd5 40.
Nb3 Nc4+ 41. Ka2 g5 42. Kb1 h5 43. Kc2 e3 44. fxe3 Nxe3+ 45. Kd3 Nc4 46. Kc2 Ke4
47. Nd4 g4 48. hxg4 hxg4 49. Ne6 Kf3 50. Nxc7 Kxg3 51. Kb3 Kf3 52. Kxc4 g3 53.
Kc5 g2 54. Kb6 g1=Q+ 55. Kxb7 Qa1 56. b6 Qxa4 57. Ka8 Qc6+ 58. b7 a4 59. c4 a3
60. Nb5 Qa6+ 61. Na7 a2 62. b8=Q a1=Q 63. Qb3+ Ke2 64. Qc2+ Ke3 65. Qb3+ Kd2 66.
Qb4+ Kc2 67. Qb7 Qxb7+ 68. Kxb7 Qb2+ 69. Kc6 Qa2 70. Kb6 Qxc4 71. Nc6 Qc3 72.
Kb5 Kd3 73. Nb4+ Ke4 74. Nc6 Kd5 75. Nb4+ Kd6 76. Na6 Qd3+ 77. Kb6 Qb1+ 78. Ka5
Kc6 79. Nb4+ Kc5 80. Na6+ Kc4 81. Nc7 Qb7 0-1

[Event "PRO League KO Stage 2019"]
[Site "chess.com INT"]
[Date "2019.03.20"]
[Round "1"]
[White "Wang, Yue"]
[Black "Preotu, Razvan"]
[Result "1-0"]
[WhiteTitle "GM"]
[BlackTitle "GM"]
[WhiteElo "2684"]
[BlackElo "2527"]
[WhiteTeam "Chengdu Pandas"]
[BlackTeam "Dallas Destiny"]
[WhiteFideId "8601429"]
[BlackFideId "2613280"]
[EventDate "2019.03.19"]

1. d4 Nf6 2. c4 e6 3. g3 c5 4. d5 exd5 5. cxd5 d6 6. Nc3 g6 7. Bg2 Bg7 8. Nf3
O-O 9. O-O Re8 10. Re1 Ne4 11. Nxe4 Rxe4 12. Bg5 Qc7 13. Nd2 Re8 14. Qc2 h6 15.
Bf4 g5 16. Be3 Nd7 17. a4 Nf6 18. Nc4 Qe7 19. Bd2 Ne4 20. Bxe4 Qxe4 21. Qxe4
Rxe4 22. Nxd6 Rd4 23. Bc3 Rxd5 24. Red1 Rxd1+ 25. Rxd1 Bxc3 26. bxc3 Bd7 27. a5
Bc6 28. Nf5 Be4 29. Nxh6+ Kg7 30. Ng4 Re8 31. f3 Bf5 32. Kf2 Bxg4 33. fxg4 Re5
34. Rd7 c4 35. Rxb7 Rxa5 36. Rc7 Ra4 37. h4 gxh4 38. gxh4 a5 39. Kf3 Ra1 40.
Rxc4 a4 41. Ke4 a3 42. Ra4 a2 43. c4 Kf6 44. c5 Ke6 45. g5 Rh1 46. Ra6+ Ke7 47.
Rxa2 Rxh4+ 48. Kd5 Rg4 49. Ra7+ Ke8 50. Kd6 Kf8 51. Ra8+ 1-0

[Event "PRO League KO Stage 2019"]
[Site "chess.com INT"]
[Date "2019.03.20"]
[Round "1"]
[White "Gorovets, Andrey"]
[Black "Zhao, Jun"]
[Result "1/2-1/2"]
[WhiteTitle "GM"]
[BlackTitle "GM"]
[WhiteElo "2493"]
[BlackElo "2627"]
[WhiteTeam "Dallas Destiny"]
[BlackTeam "Chengdu Pandas"]
[WhiteFideId "13504037"]
[BlackFideId "8602522"]
[EventDate "2019.03.19"]

1. d4 Nf6 2. Bf4 g6 3. Nc3 d5 4. e3 Bg7 5. h4 h5 6. Nf3 Bg4 7. Qd2 Bxf3 8. gxf3
O-O 9. O-O-O Nbd7 10. e4 e6 11. Bg5 Qc8 12. Bh3 c6 13. Rhg1 Kh7 14. Kb1 b5 15.
Qf4 Qb8 16. e5 Ng8 17. Ne2 Nh6 18. Be7 Re8 19. Bd6 Qd8 20. Ng3 Rg8 21. Bf1 Nf5
22. Nxf5 exf5 23. Bd3 Bh6 24. Qh2 Nf8 25. Bxf8 Rxf8 26. f4 Qe7 27. Qg3 a5 28. c3
Qe6 29. Rc1 Rfb8 30. Rgd1 Rb7 31. Bf1 Rd8 32. Rc2 Bf8 33. Be2 Bh6 34. Rcc1 Rdb8
35. Bf1 Rd8 36. Rc2 Rdb8 37. Rcc1 Rd8 38. Rc2 1/2-1/2

[Event "PRO League KO Stage 2019"]
[Site "chess.com INT"]
[Date "2019.03.20"]
[Round "1"]
[White "Wheeler, Cameron"]
[Black "Zhang, Di"]
[Result "0-1"]
[WhiteTitle "IM"]
[WhiteElo "2383"]
[BlackElo "1966"]
[WhiteTeam "Dallas Destiny"]
[BlackTeam "Chengdu Pandas"]
[WhiteFideId "2060531"]
[BlackFideId "8616590"]
[EventDate "2019.03.19"]

1. d4 d5 2. c4 c6 3. Nf3 Nf6 4. g3 g6 5. Bg2 Bg7 6. O-O O-O 7. Qb3 dxc4 8. Qxc4
Bf5 9. Qb3 Qb6 10. Nc3 Na6 11. Qxb6 axb6 12. Ne5 Nb4 13. Bf4 Rfd8 14. e3 Ng4 15.
Nxg4 Bxg4 16. Bc7 Rd7 17. Bxb6 e5 18. dxe5 Bxe5 19. a4 Nd3 20. f4 Bg7 21. h3 Be6
22. e4 Nxb2 23. e5 Bf8 24. Ne4 Kg7 25. Nf6 Rd3 26. g4 Rxa4 27. Kh2 Be7 28. Ne4
Rxa1 29. Rxa1 Nc4 30. Bc7 Rd7 31. Ba5 Ne3 32. Bf3 Rd3 33. Bc3 Nd5 34. Be2 Re3
35. Bf1 Rxe4 36. Bb2 Rxf4 37. Ra7 Rf2+ 38. Bg2 Rxb2 0-1

[Event "PRO League KO Stage 2019"]
[Site "chess.com INT"]
[Date "2019.03.23"]
[Round "1"]
[White "Klek, Hanna Marie"]
[Black "Spoelman, Wouter"]
[Result "0-1"]
[WhiteTitle "WGM"]
[BlackTitle "GM"]
[WhiteElo "2313"]
[BlackElo "2581"]
[WhiteTeam "Baden-Baden Snowballs"]
[BlackTeam "Amsterdam Mosquitoes"]
[WhiteFideId "24670057"]
[BlackFideId "1010891"]
[EventDate "2019.03.19"]

1. d4 d5 2. c4 c6 3. cxd5 cxd5 4. Bf4 Nf6 5. Nc3 Nc6 6. e3 a6 7. Bd3 Bg4 8. Nge2
e6 9. O-O Be7 10. h3 Bh5 11. Rc1 O-O 12. Na4 Nd7 13. a3 Bg6 14. Bxg6 hxg6 15.
Qb3 Na5 16. Qa2 Nc4 17. Rc2 b5 18. Nac3 Qb6 19. Nb1 Rac8 20. Rfc1 Qb7 21. b3 Nd6
22. Nd2 Rxc2 23. Rxc2 Rc8 24. Nc1 g5 25. Bh2 Ne4 26. Nxe4 dxe4 27. Rxc8+ Qxc8
28. Qb2 Nb6 29. g4 a5 30. Ne2 Nd5 31. a4 bxa4 32. bxa4 Bb4 33. Qb1 Qc4 34. Ng3
Nc3 35. Qc2 g6 36. Kg2 f5 37. Nf1 Qc6 38. Qb3 Nxa4 39. Ng3 Nc3 40. gxf5 Qd5 41.
Qxd5 exd5 42. fxg6 Kg7 43. f4 exf3+ 44. Kxf3 a4 45. Kg4 Kxg6 46. h4 a3 47. h5+
Kh7 0-1

[Event "PRO League KO Stage 2019"]
[Site "chess.com INT"]
[Date "2019.03.23"]
[Round "1"]
[White "Kollars, Dmitrij"]
[Black "Admiraal, Miguoel"]
[Result "0-1"]
[WhiteTitle "GM"]
[BlackTitle "IM"]
[WhiteElo "2564"]
[BlackElo "2508"]
[WhiteTeam "Baden-Baden Snowballs"]
[BlackTeam "Amsterdam Mosquitoes"]
[WhiteFideId "12909572"]
[BlackFideId "1019716"]
[EventDate "2019.03.19"]

1. e4 c6 2. Nf3 d5 3. Nc3 Qa5 4. Be2 dxe4 5. Nxe4 Bf5 6. Ng3 Bg6 7. O-O Nd7 8.
d4 e6 9. Bf4 Ngf6 10. c4 Be7 11. a3 O-O 12. b4 Qd8 13. Qb3 Nh5 14. Nxh5 Bxh5 15.
Rfe1 Nf6 16. Rad1 Qb6 17. h3 a5 18. c5 Qd8 19. bxa5 Nd5 20. Bg3 Rxa5 21. Qxb7
Qa8 22. Qxa8 Rfxa8 23. Rd3 Bf6 24. Ra1 Rxc5 25. dxc5 Bxa1 26. Bd1 Bc3 27. Ne5
Bxd1 28. Rxd1 Bxe5 29. Bxe5 Rxa3 30. Rb1 Ra8 31. Rb7 f6 32. Bd6 h5 33. h4 Kh7
34. Kh2 Kg6 35. Kg3 e5 36. Rd7 Ra3+ 37. Kh2 Ra4 38. Bf8 Rxh4+ 39. Kg1 Rc4 40.
Rxg7+ Kf5 41. Ra7 Nf4 42. g3 Ne6 43. Be7 Nxc5 44. Ra8 Ke6 45. Bd8 Ne4 46. Ra7
Rc2 47. Bb6 c5 48. Ra6 Kf5 49. Bd8 Rxf2 50. Bxf6 Rf3 51. Bh4 Nxg3 52. Kg2 Rc3
53. Bxg3 e4 54. Ra8 Rc2+ 55. Kf1 e3 56. Re8 e2+ 57. Ke1 Kg4 58. Bd6 c4 59. Re4+
Kf3 60. Rf4+ Ke3 0-1

[Event "PRO League KO Stage 2019"]
[Site "chess.com INT"]
[Date "2019.03.23"]
[Round "1"]
[White "Ducarmon, Quinten"]
[Black "Donchenko, Alexander"]
[Result "0-1"]
[WhiteTitle "IM"]
[BlackTitle "GM"]
[WhiteElo "2479"]
[BlackElo "2593"]
[WhiteTeam "Amsterdam Mosquitoes"]
[BlackTeam "Baden-Baden Snowballs"]
[WhiteFideId "1025007"]
[BlackFideId "24603295"]
[EventDate "2019.03.19"]

1. e4 c6 2. Nc3 d5 3. Nf3 dxe4 4. Nxe4 Nf6 5. Qe2 Nxe4 6. Qxe4 Nd7 7. Bc4 Nf6 8.
Ne5 e6 9. Qe2 b5 10. Bb3 Qc7 11. d4 Bd6 12. O-O O-O 13. c3 Bb7 14. Re1 a6 15.
Bg5 Nd5 16. Bc2 c5 17. Rad1 cxd4 18. cxd4 Be7 19. Rc1 Qd6 20. Qh5 f5 21. Bb3
Rac8 22. Rxc8 Bxc8 23. Bxd5 Bxg5 24. Qxg5 Qxd5 25. Qe7 Qxd4 26. h4 Qd8 27. Qxd8
Rxd8 28. Rc1 Bb7 29. Rc7 Bd5 30. b3 a5 31. Ra7 Ra8 32. Rc7 b4 33. f3 h5 34. Kf2
a4 35. bxa4 Rxa4 36. Rc8+ Kh7 37. Ke3 Rxa2 38. g3 b3 39. Rb8 Ra4 40. Rb6 Ra7 41.
Kf4 Rb7 42. Rxb7 Bxb7 43. Nd3 Kg6 44. Ke5 Kf7 45. Kd6 Bxf3 46. Ne5+ Kf6 47. Nxf3
e5 48. Kd5 e4 49. Nd2 e3 50. Nxb3 e2 0-1

[Event "PRO League KO Stage 2019"]
[Site "chess.com INT"]
[Date "2019.03.23"]
[Round "1"]
[White "Lopez, Jasel"]
[Black "Meier, Georg"]
[Result "0-1"]
[WhiteTitle "FM"]
[BlackTitle "GM"]
[WhiteElo "2390"]
[BlackElo "2621"]
[WhiteTeam "Amsterdam Mosquitoes"]
[BlackTeam "Baden-Baden Snowballs"]
[WhiteFideId "15900045"]
[BlackFideId "4675789"]
[EventDate "2019.03.19"]

1. d4 Nf6 2. c4 e6 3. Nf3 d5 4. Nc3 dxc4 5. e4 Bb4 6. Bxc4 Nxe4 7. O-O Nf6 8.
Qa4+ Nc6 9. Ne5 Rb8 10. Nxc6 bxc6 11. Qxc6+ Bd7 12. Qf3 Bd6 13. b3 h6 14. Bf4
O-O 15. Be5 Bc8 16. Rad1 Bb7 17. Qe2 Qe7 18. Rd3 Rbd8 19. Rg3 Kh8 20. Bd3 Bxe5
21. dxe5 Nd7 22. Bb1 Qc5 23. Re1 f5 24. exf6 Nxf6 25. Qc2 e5 26. h3 e4 27. Rge3
Rd4 28. Ne2 Qxc2 29. Bxc2 Rd2 30. Rc3 e3 31. fxe3 Nd5 32. Rc5 Nxe3 33. Rxc7 Nxc2
34. Rf1 Rxf1+ 35. Kxf1 Ba6 36. Rxa7 Bxe2+ 37. Kg1 Bd3 38. a4 Be4 39. a5 Rxg2+
40. Kf1 Ne3+ 41. Ke1 Bf3 0-1

[Event "PRO League KO Stage 2019"]
[Site "chess.com INT"]
[Date "2019.03.23"]
[Round "1"]
[White "Spoelman, Wouter"]
[Black "Kollars, Dmitrij"]
[Result "1-0"]
[WhiteTitle "GM"]
[BlackTitle "GM"]
[WhiteElo "2581"]
[BlackElo "2564"]
[WhiteTeam "Amsterdam Mosquitoes"]
[BlackTeam "Baden-Baden Snowballs"]
[WhiteFideId "1010891"]
[BlackFideId "12909572"]
[EventDate "2019.03.19"]

1. c4 Nf6 2. Nf3 g6 3. b3 Bg7 4. Bb2 O-O 5. g3 d6 6. Bg2 e5 7. O-O c5 8. e3 Nc6
9. Nc3 Bf5 10. Qe2 Qd7 11. Ng5 Rae8 12. Nge4 Nxe4 13. Nxe4 h6 14. f4 Qe6 15.
fxe5 Nxe5 16. Rxf5 gxf5 17. Nc3 Nc6 18. Rf1 Qg6 19. Bh3 Ne7 20. Rf4 Be5 21. Rh4
Kh7 22. Qf3 b5 23. Nd5 Nxd5 24. cxd5 f4 25. e4 f5 26. Bxf5 Rxf5 27. exf5 Qxf5
28. Bxe5 dxe5 29. gxf4 Rg8+ 30. Kf2 Qg6 31. Ke2 e4 32. Qh3 e3 33. f5 Qf6 34. Re4
exd2 35. Re6 Qg5 36. Qd3 1-0

[Event "PRO League KO Stage 2019"]
[Site "chess.com INT"]
[Date "2019.03.23"]
[Round "1"]
[White "Admiraal, Miguoel"]
[Black "Klek, Hanna Marie"]
[Result "1/2-1/2"]
[WhiteTitle "IM"]
[BlackTitle "WGM"]
[WhiteElo "2508"]
[BlackElo "2313"]
[WhiteTeam "Amsterdam Mosquitoes"]
[BlackTeam "Baden-Baden Snowballs"]
[WhiteFideId "1019716"]
[BlackFideId "24670057"]
[EventDate "2019.03.19"]

1. d4 d5 2. Bf4 c5 3. e3 Nc6 4. c3 Nf6 5. Nd2 cxd4 6. exd4 e6 7. Bd3 Bd6 8. Bxd6
Qxd6 9. Ngf3 O-O 10. O-O e5 11. dxe5 Nxe5 12. Nxe5 Qxe5 13. Nf3 Qh5 14. Nd4 Bg4
15. Qb3 b6 16. Rfe1 Rfe8 17. a4 Qg5 18. Qc2 Bh5 19. a5 Bg6 20. axb6 axb6 21.
Rxa8 Rxa8 22. Nf5 Bxf5 23. Bxf5 g6 24. Bd3 Ng4 25. Qe2 Ra2 26. h3 Nf6 27. Bb1
Ra1 28. Bc2 Ra2 29. Bb3 Ra5 30. Qe7 Kg7 31. Qb4 Qd2 32. Rb1 Qd3 33. Rd1 Qe2 34.
Rb1 Rb5 35. Qa4 1/2-1/2

[Event "PRO League KO Stage 2019"]
[Site "chess.com INT"]
[Date "2019.03.23"]
[Round "1"]
[White "Meier, Georg"]
[Black "Ducarmon, Quinten"]
[Result "1-0"]
[WhiteTitle "GM"]
[BlackTitle "IM"]
[WhiteElo "2621"]
[BlackElo "2479"]
[WhiteTeam "Baden-Baden Snowballs"]
[BlackTeam "Amsterdam Mosquitoes"]
[WhiteFideId "4675789"]
[BlackFideId "1025007"]
[EventDate "2019.03.19"]

1. Nf3 d5 2. g3 c6 3. Bg2 Bg4 4. h3 Bh5 5. c4 e6 6. O-O Nf6 7. d3 dxc4 8. dxc4
Qxd1 9. Rxd1 Nbd7 10. b3 Bc5 11. Nc3 O-O 12. Bf4 Bg6 13. Nh4 e5 14. Bd2 Rfe8 15.
Nxg6 hxg6 16. Na4 Bd4 17. Rab1 e4 18. Bg5 Be5 19. Rd2 e3 20. Bxe3 Bxg3 21. Rbd1
Re7 22. Nc5 Nf8 23. Nxb7 Rc8 24. Rd8 Rxd8 25. Nxd8 1-0

[Event "PRO League KO Stage 2019"]
[Site "chess.com INT"]
[Date "2019.03.23"]
[Round "1"]
[White "Donchenko, Alexander"]
[Black "Lopez, Jasel"]
[Result "0-1"]
[WhiteTitle "GM"]
[BlackTitle "FM"]
[WhiteElo "2593"]
[BlackElo "2390"]
[WhiteTeam "Baden-Baden Snowballs"]
[BlackTeam "Amsterdam Mosquitoes"]
[WhiteFideId "24603295"]
[BlackFideId "15900045"]
[EventDate "2019.03.19"]

1. Nf3 d5 2. g3 Nc6 3. d4 Bf5 4. Bg2 Nb4 5. Na3 e6 6. O-O Nf6 7. c3 Nc6 8. Nc2
Be7 9. Bg5 h6 10. Bxf6 Bxf6 11. Nd2 O-O 12. e4 dxe4 13. Nxe4 Be7 14. Ne3 Bg6 15.
Re1 Qd7 16. d5 exd5 17. Nxd5 Rad8 18. h4 Rfe8 19. Qa4 Bxe4 20. Rxe4 Qxd5 21.
Rxe7 Qd6 22. Rxe8+ Rxe8 23. Rd1 Qc5 24. Qg4 Ne5 25. Qe2 c6 26. Rd4 Re7 27. Rd8+
Kh7 28. Be4+ g6 29. h5 f5 30. Bc2 Nf7 31. hxg6+ Kg7 32. Rg8+ Kxg8 33. gxf7+ Kxf7
34. Qh5+ Kg7 35. Kf1 Qb5+ 36. Kg2 Re1 37. Qxf5 Qxf5 38. Bxf5 Re2 39. b4 Rxa2 40.
Bc8 b6 41. Bb7 c5 42. bxc5 bxc5 43. c4 a5 44. Kf3 Kf6 45. Ke3 a4 46. Kd3 a3 47.
Kc3 Rxf2 0-1

[Event "PRO League KO Stage 2019"]
[Site "chess.com INT"]
[Date "2019.03.23"]
[Round "1"]
[White "Donchenko, Alexander"]
[Black "Spoelman, Wouter"]
[Result "0-1"]
[WhiteTitle "GM"]
[BlackTitle "GM"]
[WhiteElo "2593"]
[BlackElo "2581"]
[WhiteTeam "Baden-Baden Snowballs"]
[BlackTeam "Amsterdam Mosquitoes"]
[WhiteFideId "24603295"]
[BlackFideId "1010891"]
[EventDate "2019.03.19"]

1. Nf3 d5 2. g3 Nf6 3. Bg2 c6 4. c4 dxc4 5. O-O Nbd7 6. Na3 Nb6 7. Qc2 g6 8.
Nxc4 Bg7 9. b3 O-O 10. Bb2 a5 11. a3 Bf5 12. d3 a4 13. Nxb6 Qxb6 14. b4 Ne8 15.
Bxg7 Kxg7 16. e4 Be6 17. h4 Nd6 18. h5 Nb5 19. Qb2+ f6 20. hxg6 hxg6 21. d4 Rad8
22. Rad1 Rd7 23. Ng5 Bb3 24. d5 cxd5 25. exd5 Bxd1 26. Ne6+ Kf7 27. Nxf8 Kxf8
28. Rxd1 Rc7 29. Qd2 Kg7 30. Qf4 Qd6 31. Qg4 Qe5 32. Bf1 Nc3 33. d6 exd6 34. Rd3
Ne4 35. Re3 d5 36. Bd3 f5 37. Qh4 Qf6 38. Qf4 Rc1+ 39. Kg2 Qa1 40. Bxe4 dxe4 41.
Re1 Rxe1 42. Qc7+ Kh6 43. Qf4+ g5 44. Qd6+ Kh5 45. g4+ fxg4 46. Qh2+ Kg6 47.
Qd6+ Qf6 0-1

[Event "PRO League KO Stage 2019"]
[Site "chess.com INT"]
[Date "2019.03.23"]
[Round "1"]
[White "Meier, Georg"]
[Black "Admiraal, Miguoel"]
[Result "1-0"]
[WhiteTitle "GM"]
[BlackTitle "IM"]
[WhiteElo "2621"]
[BlackElo "2508"]
[WhiteTeam "Baden-Baden Snowballs"]
[BlackTeam "Amsterdam Mosquitoes"]
[WhiteFideId "4675789"]
[BlackFideId "1019716"]
[EventDate "2019.03.19"]

1. Nf3 c5 2. b3 Nc6 3. Bb2 d5 4. e3 a6 5. d4 cxd4 6. Nxd4 Nf6 7. Nd2 Bg4 8. Be2
Bxe2 9. Qxe2 e6 10. O-O Bc5 11. Nxc6 bxc6 12. c4 O-O 13. Rfd1 a5 14. Rac1 Be7
15. Nf3 Qb6 16. Ne5 Rfc8 17. Ng4 Qd8 18. Nxf6+ Bxf6 19. e4 Bxb2 20. Qxb2 h6 21.
g3 a4 22. b4 a3 23. Qc3 Qe8 24. Qe3 dxe4 25. Qxe4 Rab8 26. Rb1 Rd8 27. Rxd8 Qxd8
28. Qe3 c5 29. b5 Qa5 30. Qxc5 Qc3 31. Qb4 Qf3 32. Qb3 Qe2 33. Qxa3 Qxc4 34. Qb3
Qe4 35. a4 h5 36. Qb4 Qd3 37. h4 g5 38. hxg5 h4 39. gxh4 Rd8 40. Qb3 Qf5 41. Re1
Rd4 42. Re3 Qg4+ 43. Rg3 Rd1+ 44. Kg2 Qe4+ 45. Qf3 Qe1 46. Kh3 Rd2 47. g6 f5 48.
Qa8+ Kg7 49. Qb7+ Rd7 50. Qxd7+ 1-0

[Event "PRO League KO Stage 2019"]
[Site "chess.com INT"]
[Date "2019.03.23"]
[Round "1"]
[White "Ducarmon, Quinten"]
[Black "Klek, Hanna Marie"]
[Result "1-0"]
[WhiteTitle "IM"]
[BlackTitle "WGM"]
[WhiteElo "2479"]
[BlackElo "2313"]
[WhiteTeam "Amsterdam Mosquitoes"]
[BlackTeam "Baden-Baden Snowballs"]
[WhiteFideId "1025007"]
[BlackFideId "24670057"]
[EventDate "2019.03.19"]

1. e4 e5 2. Nf3 Nc6 3. Bb5 a6 4. Ba4 Nf6 5. O-O Be7 6. Bxc6 dxc6 7. d3 Nd7 8.
Nbd2 O-O 9. Nc4 Bf6 10. Bd2 Re8 11. Bc3 b6 12. a4 c5 13. Ne3 Nf8 14. Nd5 Ng6 15.
Qd2 Bg4 16. Nxf6+ gxf6 17. Qe3 Kh8 18. h3 Bd7 19. Kh2 Rg8 20. Ng1 Nf4 21. g3 Ne6
22. f4 Nd4 23. fxe5 fxe5 24. Rxf7 Qe8 25. Raf1 Be6 26. R7f6 Qe7 27. Qh6 Rae8 28.
Nf3 Qd6 29. Ng5 Rg7 30. Bxd4 exd4 31. R1f3 1-0

[Event "PRO League KO Stage 2019"]
[Site "chess.com INT"]
[Date "2019.03.23"]
[Round "1"]
[White "Lopez, Jasel"]
[Black "Kollars, Dmitrij"]
[Result "0-1"]
[WhiteTitle "FM"]
[BlackTitle "GM"]
[WhiteElo "2390"]
[BlackElo "2564"]
[WhiteTeam "Amsterdam Mosquitoes"]
[BlackTeam "Baden-Baden Snowballs"]
[WhiteFideId "15900045"]
[BlackFideId "12909572"]
[EventDate "2019.03.19"]

1. d4 d5 2. Bf4 Nf6 3. e3 c5 4. c3 Nc6 5. Nd2 e6 6. Ngf3 cxd4 7. exd4 Nh5 8. Be3
Bd6 9. Ne5 g6 10. Bb5 Qc7 11. Qa4 O-O 12. Bh6 Rd8 13. Bxc6 bxc6 14. g4 Ng7 15.
f4 f6 16. Nd3 Bd7 17. Qc2 e5 18. fxe5 fxe5 19. dxe5 Bxe5 20. O-O-O Bxg4 21. Rde1
Bd6 22. Qa4 Bf5 23. Nf4 Re8 24. Rhf1 Qd7 25. Nf3 Re4 26. Rxe4 Bxe4 27. Nd2 Re8
28. Bxg7 Kxg7 29. Qd4+ Be5 30. Qe3 Bf5 31. Nf3 Bf6 32. Qg1 Kh8 33. Nd4 Bg7 34.
h4 Bh6 35. Kd1 Bg4+ 36. Kc2 c5 37. Nde6 Bxe6 38. Nxe6 Qxe6 39. Qxc5 Qe2+ 0-1

[Event "PRO League KO Stage 2019"]
[Site "chess.com INT"]
[Date "2019.03.23"]
[Round "1"]
[White "Spoelman, Wouter"]
[Black "Meier, Georg"]
[Result "0-1"]
[WhiteTitle "GM"]
[BlackTitle "GM"]
[WhiteElo "2581"]
[BlackElo "2621"]
[WhiteTeam "Amsterdam Mosquitoes"]
[BlackTeam "Baden-Baden Snowballs"]
[WhiteFideId "1010891"]
[BlackFideId "4675789"]
[EventDate "2019.03.19"]

1. c4 b6 2. b3 Bb7 3. Bb2 Nf6 4. Nf3 e6 5. e3 c5 6. Nc3 Be7 7. d4 cxd4 8. Nxd4
O-O 9. Be2 a6 10. O-O d6 11. Bf3 Qc7 12. Rc1 Nbd7 13. Qe2 Rac8 14. Rfd1 Rfe8 15.
Rc2 h6 16. Rcd2 Qb8 17. Bxb7 Qxb7 18. Qf3 Qxf3 19. gxf3 Rc5 20. Ba3 Rc7 21. Nde2
Nc5 22. Ng3 Ra8 23. Nge4 Nfxe4 24. Nxe4 Nxe4 25. fxe4 b5 26. Bxd6 Bxd6 27. Rxd6
bxc4 28. Rc1 c3 29. Kf1 a5 30. Rd4 Rac8 31. Ke2 c2 32. Kd3 Rc3+ 33. Kd2 R3c5 34.
Rc4 Rxc4 35. bxc4 Rxc4 36. Kd3 Ra4 37. Rxc2 g5 38. f4 Kg7 39. Rg2 Kf6 40. Rf2
Kg6 41. fxg5 hxg5 42. e5 g4 43. Rf6+ Kg5 44. Rxf7 Rxa2 45. Ke4 Rxh2 46. Rg7+ Kh4
47. Rh7+ Kg3 48. Re7 Rh6 49. Ra7 Kh2 50. Rxa5 g3 51. Ra2+ g2 52. Kf3 Rg6 53. e4
Kh1 54. Ra8 g1=Q 0-1

[Event "PRO League KO Stage 2019"]
[Site "chess.com INT"]
[Date "2019.03.23"]
[Round "1"]
[White "Admiraal, Miguoel"]
[Black "Donchenko, Alexander"]
[Result "1/2-1/2"]
[WhiteTitle "IM"]
[BlackTitle "GM"]
[WhiteElo "2508"]
[BlackElo "2593"]
[WhiteTeam "Amsterdam Mosquitoes"]
[BlackTeam "Baden-Baden Snowballs"]
[WhiteFideId "1019716"]
[BlackFideId "24603295"]
[EventDate "2019.03.19"]

1. d4 d5 2. Nf3 Nf6 3. c3 c5 4. dxc5 e6 5. b4 a5 6. e3 axb4 7. cxb4 b6 8. Bb5+
Bd7 9. Bxd7+ Nbxd7 10. O-O bxc5 11. b5 c4 12. a4 Bb4 13. Nd4 Qc7 14. Nc6 Bd6 15.
h3 Ne5 16. Nxe5 Bxe5 17. Ra2 O-O 18. Nd2 Rfb8 19. Ba3 Qa5 20. Nf3 Bc3 21. Bd6
Rxb5 22. axb5 Qxa2 23. b6 Qa6 24. Bc7 Ne8 25. Ng5 g6 26. e4 Nxc7 27. bxc7 Qc6
28. Qf3 Qxc7 29. Qxc3 Qf4 30. exd5 1/2-1/2